| 000 | 01009nam a2200313 i 4500 | ||
|---|---|---|---|
| 001 | 000043837 | ||
| 003 | DO-SdBNP | ||
| 005 | 20230517132014.0 | ||
| 007 | ta | ||
| 008 | 140506s1994 dr 000 0 spa d | ||
| 040 |
_aDO-SdBNP _bspa _cBNPHU _erda |
||
| 082 |
_a346.72930135 _bR426c _222 |
||
| 110 | 1 |
_aRepública Dominicana _9447 |
|
| 240 | 1 | _aLeyes,[etc.] | |
| 245 | 1 | 0 |
_aCódigo del menor : _bley 14-94 código para la protección de niños, niñas y adolescentes y compendio de legislación complementaria / _cEdición de Nelson L. Soto Castillo |
| 246 | 2 | 3 | _aCódigo del menor Ley 14-94. |
| 264 |
_aSanto Domingo, _bSoto Castillo, _c1994 |
||
| 300 |
_a181 paginas. ; _c22 cm. |
||
| 336 |
_2rdacontent _atexto _btxt |
||
| 337 |
_2rdamedia _asin mediación _bn |
||
| 338 |
_2rdacarrier _avolumen _bnc |
||
| 590 | _aInventariado, 2023/ DG | ||
| 650 | 4 |
_aNiños _964438 |
|
| 650 | _949526 | ||
| 650 | _916468 | ||
| 711 | _971702 | ||
| 910 | _aValidado. Control de calidad EMS | ||
| 942 |
_2ddc _cLBS1 |
||
| 999 |
_c53552 _d53552 |
||